<The> Impact Of Monetary Variables On The Economic Growth And Sustainable Development: Case Of Selected Countries

Pre stanovenie najlepšej menovej politiky je dôležité vedieť, či v praxi menové premenné určujú hrubý domáci (HDP) v stálych cenách. Cenová stabilita prispieva k vytváraniu stabilného prostredia pre rozvoj obchodu udržateľných aktivít a vyjadruje zodpovednosť centrálnych bánk za trvalo udržateľný pr...

Descrizione completa

Salvato in:
Dettagli Bibliografici
Autore principale: Korauš, Antonín
Altri autori: Simionescu, Mihaela, Bilan, Yuriy, Schönfeld, Jaroslav
Natura: Capitolo di libro
Lingua:inglese
Soggetti:
Tags: Aggiungi Tag
Nessun Tag, puoi essere il primo ad aggiungerne!!

MARC

LEADER 00000nla a2200000 4500
001 0246137
005 20221031112000.3
041 0 |a eng 
044 |a LT 
245 1 0 |a <The> Impact Of Monetary Variables On The Economic Growth And Sustainable Development: Case Of Selected Countries  |c Anton Korauš, Mihaela Simionescu, Yuriy Bilan, Jaroslav Schönfeld 
520 |a Pre stanovenie najlepšej menovej politiky je dôležité vedieť, či v praxi menové premenné určujú hrubý domáci (HDP) v stálych cenách. Cenová stabilita prispieva k vytváraniu stabilného prostredia pre rozvoj obchodu udržateľných aktivít a vyjadruje zodpovednosť centrálnych bánk za trvalo udržateľný priemyselný rozvoj. 
610 2 0 |a politika peňažná 
610 2 0 |a produkt domáci hrubý 
610 2 0 |a rast hospodársky 
610 2 0 |a rozvoj trvalo udržateľný 
610 2 0 |a Európa 
100 1 |a Korauš, Antonín 
700 1 |a Simionescu, Mihaela 
700 1 |a Bilan, Yuriy 
700 1 |a Schönfeld, Jaroslav